01156nam a2200229Ia 4500952011400000999001700114008004100131020001500172050002100187100002600208245005200234250001700286260006100303300001800364500006700382500004100449505026900490519008900759650002500848650004600873942000700919 00104070a04b04d2011-10-14l46m1oHV9076 D38 2003p04 003694r2024-07-22s2018-10-05t1w2012-06-24yLB c62970d62970120625s2003 ag 000 0 spa d a950141906114aHV9076bD38 20031 aDavid, Pedro Reautor10aSociología criminal juvenilc/ Pedro R. David a6a edición3 aBuenos AiresaArgentinab: LexisNexisb: Depalmac, 2003 a479 páginas aIncluye referencias bibliográficas (p. [439]-467) e índice aPortada: Sexta edición actualizada1 aPolíticas sociales Criminal Prevención del delito Sociología del derecho Sociología jurídica criminal Teorias de delincuencia juvenil Comunidad y delincuencia juvenil Psicología y caracterología Instituciones correccionales Justicia y solidaridad aPlan Flexible / bCriminalística / cSociología Criminal (P02-) / d(04 003694)14aDELINCUENCIA JUVENIL24aTRABAJO SOCIAL CON DELINCUENTES JUVENILES cLB